000 00621nam a2200241 a 4500
003 AR-BaBNM
005 20251128202709.0
008 082120s2002 ||||||||||||||000 | spa||
040 _cAR-BaBNM
100 1 _aBruni, Elsa
245 0 0 _aRitmo rimando casi contando
260 _aBuenos Aires
_bFrancisco A. Colombo
_c1974
300 _a72 p.
_bil.
650 4 _aLITERATURA ARGENTINA
650 4 _aPOESIA
650 4 _aLIBROS PARA NIÑOS
650 4 _aLITERATURA INFANTIL
653 _aLITERATURA MARAVILLOSA
655 _aLITERATURA
700 1 _aPorto, Rolando del
_eilustrador
942 _cBK
998 _cMARTIN
999 _c167
_d167